[Event "Challenge"]
[Site "http://www.queenalice.com/game.php?id=239023"]
[Date "2007.7.12"]
[Round "-"]
[White "sanisk"]
[Black "benilux"]
[Result "0-1"]
[WhiteElo "1338"]
[BlackElo "1427"]

1. e4 Nf6 2. e5 Ng8 3. d4 d5 4. b3 e6 5. c4 dxc4 6. Bxc4 Nc6 7. Nf3 Bb4+ 8. Bd2
a5 9. O-O Nxd4 10. Bxb4 Nxf3+ 11. Qxf3 axb4 12. Rd1 Qe7 13. a4 bxa3 14. Bb5+ c6
15. Ba4 b5 16. Qxc6+ Kf8 17. Qxa8 Qc7 18. Bxb5 Ne7 19. Rd6 f6 20. Rd7 Qxe5 21.
Rxa3 Qxb5 22. Rd1 Kf7 23. Qf3 Bb7 24. Qg3 Rc8 25. Nc3 Qb4 26. Nb1 Rd8 27. Rf1
Be4 28. Qc3 Qd6 29. Ra1 Nc6 30. Nd2 Bg6 31. Nc4 Qc5 0-1

[Event "AUTO-OPEN-743"]
[Site "http://www.queenalice.com/game.php?id=240654"]
[Date "2007.7.16"]
[Round "1"]
[White "adilson_camargo"]
[Black "sanisk"]
[Result "1-0"]
[WhiteElo "1598"]
[BlackElo "1316"]

1. d4 d5 2. c4 c6 3. c5 b6 4. b4 a5 5. bxa5 Rxa5 6. Bd2 Ra7 7. cxb6 Qxb6 8. e3
Nf6 9. Nc3 Ba6 10. Rb1 Qc7 11. Bxa6 Nxa6 12. Nf3 Ne4 13. O-O e6 14. Ne5 1-0

[Event "AUTO-OPEN-743"]
[Site "http://www.queenalice.com/game.php?id=240655"]
[Date "2007.7.16"]
[Round "1"]
[White "sanisk"]
[Black "adilson_camargo"]
[Result "0-1"]
[WhiteElo "1323"]
[BlackElo "1593"]

1. e4 e5 2. Nf3 d6 3. Bb5+ Bd7 4. Bc4 h6 5. O-O Nf6 6. d3 Be7 7. Nc3 O-O 8. b3
a6 9. Nd5 Nxd5 10. Bxd5 Nc6 11. Ba3 Rb8 0-1

[Event "AUTO-OPEN-743"]
[Site "http://www.queenalice.com/game.php?id=240674"]
[Date "2007.7.16"]
[Round "1"]
[White "sanisk"]
[Black "aarongale"]
[Result "0-1"]
[WhiteElo "1398"]
[BlackElo "1736"]

1. Nf3 d5 2. d4 Nc6 3. e3 Bg4 4. Be2 Nf6 5. h3 Bh5 6. Ne5 Bxe2 7. Qxe2 Nxe5 8.
dxe5 Ne4 9. O-O e6 10. f3 Nc5 11. e4 c6 12. exd5 cxd5 13. Qb5+ Qd7 14. Qxd7+
Kxd7 15. Nc3 Rc8 16. Be3 b6 17. Nb5 a6 0-1

[Event "AUTO-OPEN-743"]
[Site "http://www.queenalice.com/game.php?id=240675"]
[Date "2007.7.16"]
[Round "1"]
[White "aarongale"]
[Black "sanisk"]
[Result "1-0"]
[WhiteElo "1733"]
[BlackElo "1404"]

1. e4 e5 2. Nf3 d6 3. Bc4 Nf6 4. d3 Be6 5. Bxe6 fxe6 6. Bg5 Be7 7. h4 d5 8. Nxe5
h6 9. Bxf6 Bxf6 10. Ng6 Rg8 11. O-O Bxb2 12. Nd2 Bxa1 13. Qxa1 Kf7 14. h5 c6 15.
f4 Ke8 16. Nf3 Nd7 17. f5 Nf8 18. Nge5 Nd7 19. Nxd7 1-0

[Event "AUTO-INT-533"]
[Site "http://www.queenalice.com/game.php?id=240700"]
[Date "2007.7.16"]
[Round "1"]
[White "sanisk"]
[Black "sandrolemos"]
[Result "0-1"]
[WhiteElo "1311"]
[BlackElo "1321"]

1. e4 e5 2. Nf3 d6 3. Bb5+ c6 4. Ba4 Bg4 5. h3 Bh5 6. g4 Bg6 7. d3 b5 8. Bb3 Na6
9. Be3 Nf6 10. Nc3 b4 11. Bc4 Nc7 12. Na4 Be7 13. Ng5 d5 14. Bb3 Qd7 0-1

[Event "AUTO-INT-533"]
[Site "http://www.queenalice.com/game.php?id=240701"]
[Date "2007.7.16"]
[Round "1"]
[White "sandrolemos"]
[Black "sanisk"]
[Result "0-1"]
[WhiteElo "1362"]
[BlackElo "1335"]

1. e4 e5 2. d3 Bb4+ 3. c3 Ba5 4. Be3 d6 5. b4 Bb6 6. Be2 c5 7. Qa4+ Bd7 8. Qb3
Na6 9. Nd2 Nf6 10. Ngf3 O-O 11. Bg5 Be6 12. Qb2 Qc8 13. O-O Ng4 14. Nh4 cxb4 15.
c4 f6 16. Be3 g5 17. Nhf3 Nxe3 18. fxe3 Bxe3+ 19. Kh1 Nc5 20. Qxb4 a5 21. Qb6
Bxd2 22. Qxd6 Bc3 23. Rac1 Bb4 24. Rb1 Ra6 25. Qe7 Rf7 26. Qxe6 Rxe6 27. a3 Bxa3
28. Ra1 Bb4 0-1

[Event "AUTO-INT-533"]
[Site "http://www.queenalice.com/game.php?id=240702"]
[Date "2007.7.16"]
[Round "1"]
[White "sanisk"]
[Black "kanibal"]
[Result "0-1"]
[WhiteElo "1381"]
[BlackElo "1609"]

1. e4 e5 2. Nf3 Nc6 3. c4 Bb4 4. a3 Bc5 5. b4 Bd4 6. Nc3 Nf6 7. b5 Na5 8. Nxe5
Bxe5 9. Bb2 O-O 10. d4 Bf4 11. g3 Bg5 12. Bc1 Bxc1 13. Rxc1 d6 14. Bg2 Bg4 15.
Bf3 Nxc4 16. O-O Bxf3 17. Qxf3 Nd2 18. Qe2 Nxf1 0-1

[Event "AUTO-INT-533"]
[Site "http://www.queenalice.com/game.php?id=240703"]
[Date "2007.7.16"]
[Round "1"]
[White "kanibal"]
[Black "sanisk"]
[Result "1-0"]
[WhiteElo "1601"]
[BlackElo "1393"]

1. e4 e5 2. Nf3 Nc6 3. Bb5 Nf6 4. Nc3 Bd6 5. d3 h6 6. Nd5 Nxd5 7. exd5 Nd4 8.
Nxd4 exd4 9. O-O c6 10. Bc4 cxd5 11. Bxd5 O-O 12. Qg4 Be5 13. Bf4 d6 14. Qg3 Be6
15. Bxb7 Rb8 16. Bxe5 Rxb7 17. Bxd6 Re8 18. Be5 f6 19. Bd6 Rxb2 20. c4 1-0

[Event "AUTO-INT-533"]
[Site "http://www.queenalice.com/game.php?id=240704"]
[Date "2007.7.16"]
[Round "1"]
[White "sanisk"]
[Black "ray"]
[Result "0-1"]
[WhiteElo "1344"]
[BlackElo "1627"]

1. e4 c5 2. c4 Nf6 3. d3 Nc6 4. Bf4 g6 5. Nf3 Bg7 6. e5 Ng4 7. Nc3 Ngxe5 8. Bxe5
Nxe5 9. d4 cxd4 10. Nxd4 d5 11. c5 O-O 12. Bb5 Bd7 13. Nxd5 Bxb5 14. Nxb5 Nc4
0-1

[Event "AUTO-INT-533"]
[Site "http://www.queenalice.com/game.php?id=240705"]
[Date "2007.7.16"]
[Round "1"]
[White "ray"]
[Black "sanisk"]
[Result "1-0"]
[WhiteElo "1622"]
[BlackElo "1351"]

1. c4 e5 2. Nc3 d6 3. g3 Nf6 4. Bg2 g6 5. e3 Bg4 6. Nf3 e4 7. h3 Bxf3 8. Bxf3
exf3 9. Qxf3 Nc6 10. O-O Bg7 11. d4 O-O 12. d5 1-0

[Event "AUTO-INT-665"]
[Site "http://www.queenalice.com/game.php?id=294071"]
[Date "2007.10.27"]
[Round "1"]
[White "Milton"]
[Black "sanisk"]
[Result "1-0"]
[WhiteElo "1597"]
[BlackElo "1430"]

1. c4 e5 2. Nc3 Bb4 3. Nf3 Bxc3 4. bxc3 d6 5. c5 e4 6. Nd4 d5 7. e3 Nc6 8. Bb5
Bd7 9. Qb3 Nge7 10. Qa4 O-O 11. O-O a6 12. Bxc6 Bxc6 13. Nxc6 Nxc6 14. d4 b5 15.
Qb3 Qg5 16. g3 Rab8 17. f3 f5 18. Qxd5+ Rf7 19. Qxc6 exf3 20. e4 Qg4 21. e5 f4
22. Rxf3 fxg3 23. Rxf7 Kxf7 24. Qxc7+ Kg6 25. Qxb8 Qd1+ 26. Kg2 Qc2+ 27. Kxg3
Qxc3+ 28. Kf4 1-0

[Event "AUTO-INT-665"]
[Site "http://www.queenalice.com/game.php?id=294072"]
[Date "2007.10.27"]
[Round "1"]
[White "sanisk"]
[Black "Milton"]
[Result "1-0"]
[WhiteElo "1383"]
[BlackElo "1530"]

1. e4 e5 2. Bc4 Nf6 3. d3 Nc6 4. Bg5 h6 5. Bh4 Bc5 6. Nf3 O-O 7. O-O d6 8. g3
Bg4 9. Nbd2 g5 10. Bxg5 hxg5 11. c3 a6 12. b4 Bb6 13. Qb3 Ne7 14. Bxf7+ Rxf7 15.
Nxg5 Qf8 16. Ne6 Qh6 17. Nc4 Ba7 18. Nxc7 Rc8 19. Nxd6 Kf8 20. Qxf7# 1-0

[Event "AUTO-INT-665"]
[Site "http://www.queenalice.com/game.php?id=294085"]
[Date "2007.10.27"]
[Round "1"]
[White "Hovis"]
[Black "sanisk"]
[Result "1-0"]
[WhiteElo "1433"]
[BlackElo "1401"]

1. d4 d5 2. Bf4 Nf6 3. e3 Ne4 4. Bd3 Bf5 5. Nd2 e6 6. Ngf3 g5 7. Nxg5 Nxg5 8. h4
Bxd3 9. cxd3 e5 10. Bxg5 f6 11. Qh5+ Kd7 12. Qf7+ Be7 13. Bxf6 Re8 14. Bxe5 Rf8
15. Qxd5+ Bd6 16. Nc4 Qe7 17. Nxd6 cxd6 18. Qb5+ 1-0

[Event "AUTO-INT-665"]
[Site "http://www.queenalice.com/game.php?id=294086"]
[Date "2007.10.27"]
[Round "1"]
[White "sanisk"]
[Black "Hovis"]
[Result "0-1"]
[WhiteElo "1417"]
[BlackElo "1417"]

1. Nf3 d5 2. d4 Nf6 3. Bg5 Nc6 4. Bxf6 exf6 5. e3 f5 6. Bb5 Bd6 7. Ne5 a6 8.
Nxc6 Qd7 9. Ne5 Qxb5 10. b3 c5 11. Nc3 Qb4 12. Qd3 c4 13. bxc4 dxc4 14. Nxc4 f4
15. Qe4+ Be6 16. Nxd6+ Qxd6 17. Qxf4 Qb4 18. Kd2 Rc8 0-1

[Event "AUTO-INT-665"]
[Site "http://www.queenalice.com/game.php?id=294095"]
[Date "2007.10.27"]
[Round "1"]
[White "sanisk"]
[Black "jonathanodonnell"]
[Result "0-1"]
[WhiteElo "1419"]
[BlackElo "1774"]

1. e4 c6 2. Nc3 d5 3. e5 f6 4. d4 Nd7 5. Bf4 g5 6. Bg3 h5 7. h3 h4 8. Bh2 Qc7 9.
Nf3 Qa5 10. Bd3 Rh6 11. O-O Bg7 12. e6 Nf8 13. Bf5 Nxe6 14. g4 Nf4 15. a3 Nxh3+
16. Kg2 Nf4+ 17. Kg1 Bxf5 18. gxf5 O-O-O 19. b4 Qc7 20. Re1 Qd7 21. Ne2 Qxf5 22.
Kh1 Nh3 23. Neg1 Nxf2+ 24. Kg2 Nxd1 25. Rexd1 e5 26. dxe5 fxe5 27. Rf1 Qxc2+ 0-1

[Event "AUTO-INT-665"]
[Site "http://www.queenalice.com/game.php?id=294096"]
[Date "2007.10.27"]
[Round "1"]
[White "jonathanodonnell"]
[Black "sanisk"]
[Result "1-0"]
[WhiteElo "1772"]
[BlackElo "1421"]

1. e4 e5 2. Nf3 Nc6 3. Bb5 Nf6 4. O-O Bd6 5. Re1 O-O 6. Bxc6 bxc6 7. d4 exd4 8.
e5 Bb4 9. exf6 Bxe1 10. fxg7 Re8 11. Nxe1 Kxg7 12. Qxd4+ Kf8 13. Be3 d6 14. Nd2
c5 15. Bh6+ Ke7 16. Bg5+ f6 17. Qxf6+ Kd7 18. Qxd8+ Rxd8 19. Bxd8 Kxd8 20. Nef3
Ba6 21. c4 Bb7 22. Re1 Kd7 23. h4 Rg8 24. g3 Rf8 25. Kg2 a5 26. Re3 1-0

[Event "AUTO-OPEN-881"]
[Site "http://www.queenalice.com/game.php?id=294484"]
[Date "2007.10.28"]
[Round "1"]
[White "sanisk"]
[Black "gdan"]
[Result "0-1"]
[WhiteElo "1386"]
[BlackElo "2031"]

1. e4 c6 2. d4 d5 3. e5 Bf5 4. Bf4 e6 5. Nc3 h6 6. Nf3 Ne7 7. g3 Ng6 8. Nh4 Nxf4
9. gxf4 Qxh4 10. Ne2 Be4 11. Rg1 Qxh2 12. Qd2 Nd7 13. O-O-O Qxf2 14. Nc3 Qxg1
15. Bd3 Qg6 16. Re1 Bxd3 17. cxd3 Bb4 18. Qf2 Bxc3 19. bxc3 Qxd3 20. Qc2 Qg3 21.
Qd2 c5 0-1

[Event "AUTO-OPEN-881"]
[Site "http://www.queenalice.com/game.php?id=294485"]
[Date "2007.10.28"]
[Round "1"]
[White "gdan"]
[Black "sanisk"]
[Result "1-0"]
[WhiteElo "2033"]
[BlackElo "1384"]

1. e4 e5 2. Nf3 Nc6 3. Bb5 Bd6 4. O-O Nd4 5. Nxd4 exd4 6. e5 Bxe5 7. Re1 f6 8.
f4 c6 9. Bf1 d6 10. fxe5 dxe5 11. d3 a5 12. Nd2 b5 13. Qf3 Bb7 14. Ne4 Ne7 15.
Nc5 Ra7 16. Ne6 Qd6 17. Nxg7+ Kd8 18. Nf5 Qc7 19. Nxe7 Qxe7 20. Qf2 b4 21. c3
bxc3 22. bxc3 c5 23. Ba3 Rg8 24. cxd4 1-0